Countries With the Most English Speakers - Statistics

General Stats
  • This quiz has been taken 628 times
  • The average score is 11 of 15
Answer Stats
Total English Speakers Country % Correct
298,444,149 United States
100%
63,962,000 United Kingdom
99%
28,360,240 Canada
96%
17,357,833 Australia
95%
125,226,449 India
91%
51,584,000 Germany
77%
25,500,000 France
76%
92,316,049 Pakistan
74%
82,941,000 Nigeria
73%
20,300,000 Italy
65%
29,398,158 Bangladesh
58%
28,101,325 Egypt
57%
57,292,884 Philippines
53%
17,121,187 Thailand
38%
18,000,000 Ghana
30%
No matching quizzes found
Score Distribution
Percent of People with Each Score
Percentile by Number Answered
Your Score History
You have not taken this quiz